Normal view
MARC view
- Madras S.E.R.C
Entry Corporate Name
001 - CONTROL NUMBER
- control field: 43254
003 - CONTROL NUMBER IDENTIFIER
- control field: NUST
005 - DATE AND TIME OF LATEST TRANSACTION
- control field: 20210314132601.0
008 - FIXED-LENGTH DATA ELEMENTS
- fixed length control field: 210314|| aca||aabn | a|a d
040 ## - CATALOGING SOURCE
- Original cataloging agency: NUST
- Transcribing agency: NUST
110 ## - HEADING--CORPORATE NAME
- Corporate name or jurisdiction name as entry element: Madras S.E.R.C
670 ## - SOURCE DATA FOUND
- Source citation: Work cat.: (NUST): Madras S.E.R.C , Proceedings of the international symposium on fibre reinforced concrete /, 1987.
